| 000 | 00852nam a2200265Ia 4500 | ||
|---|---|---|---|
| 003 | OSt | ||
| 005 | 20220926012549.0 | ||
| 006 | a|||||r|||| 00| 0 | ||
| 007 | ta | ||
| 008 | 220923b |||||||| |||| 00| 0 eng d | ||
| 020 |
_a97818440755201 _c1942.98 |
||
| 037 |
_b5057, 03/09/2013, RAJKIRAN BOOK AGENCY _cGeneral Book |
||
| 040 |
_aRTL _cRTL _beng |
||
| 041 |
_2eng _aeng |
||
| 082 | _aX:77:(G:55), P8 | ||
| 100 |
_aROGERS Peter P. and _9316911 |
||
| 245 | 0 | _aIntroduction to sustainable development. | |
| 260 |
_aNew York _bEarthscan _c2008 |
||
| 300 |
_a416p. _ccm. |
||
| 500 | _aGlossary:403-422p; Bibliography: 423-451p | ||
| 650 | _aCommerce | ||
| 700 |
_a Other's _9270572 |
||
| 942 |
_hX:77:(G:55), P8 _cGB _2CC |
||
| 999 |
_c623570 _d623570 |
||